000 00841nam a2200265 a 4500
001 59377
003 BD-RjUL
005 20211209080725.0
008 161224s1923 enk 001 0beng d
035 _a(BD-RjUL)59501
040 _aBD-RjUL
_beng
_cBD-RjUL
_dBD-RjUL
041 _aeng
082 _223
_a335.4
_bJOL 1923
100 1 _aJoseph, H. W. B.
_q(Horace William Brindley),
_d1867-1943.
_9176608
245 1 4 _aThe labour theory of value in Karl Marx /
_cby H.W.B. Joseph.
246 1 4 _aKarl Marx's theory of value.
246 3 0 _aTheory of Value.
260 _aLondon :
_bOxford University Press,
_c1923.
300 _a176 p. ;
_c20 cm
500 _aIncludes index
600 1 0 _aMarx, Karl,
_d1818-1883
_xCriticism and interpretation.
_9176611
650 0 _aLabor theory of value
_9176610
942 _2ddc
_cBK
999 _c59377
_d59377